000 00669nam a22002177a 4500
003 UA-OsUOA
001 122339
007 ta
008 20170424b un ||||| |||| 00| 0 ukr d
100 _aЦінько С.
090 _a81
_bЦ75
942 _cSA
040 _aUA-OsUOA
_bukr
_cUA-OsUOA
_dUA-OsUOA
245 _aРозвиток критичного мислення старшокласників на уроках української мови
300 _aС.19-23
955 _a0
041 _aukr
080 _a81
773 0 _w122336
650 7 _a8 Мовознавство. Художня література. Літературознавство
_2UDC
999 _c408634
_d408634